| 000 | 01629cad a22002535 4500 | ||
|---|---|---|---|
| 001 | L148948 | ||
| 008 | 091202e20091126xxk f 000 0 eng u | ||
| 020 | _a9781409820413 | ||
| 035 | _a(Sirsi) u148948 | ||
| 041 | 0 | _aeng | |
| 050 | _a306.1 $2 18 | ||
| 110 | 1 |
_aUnited Kingdom _bDepartment for Communities and Local Government _94939 |
|
| 245 | 0 | 0 |
_aGuidance for local authorities on incentivising landowners to bring forward additional land for rural affordable housing on rural exception sites _h[electronic resource] |
| 260 |
_aLondon _bDCLG _c2009 |
||
| 505 | 2 | _aScope of the consultation -- Summary -- Introduction and background -- Referrals by a landowner -- Landowners retaining an interest in the land -- Case studies -- Annexes | |
| 520 | _aSeeks views of the public on proposals to encourage landlords to bring forward land for affordable social housing in rural areas. This would apply to land identified as a rural exception site as defined in Policy Planning Statement (PPS) 3: Housing. Proposals are to permit landowners, via a referrals system, to allow family members or employees meeting the requirements to occupy houses built on the land sold and/or keep a legal interest in their land. | ||
| 520 | _aDeadline for comments is 18 February 2010. | ||
| 590 | _aKA | ||
| 650 | 2 | 4 |
_aAffordable housing _96215 |
| 651 | 4 |
_aEngland _y886- |
|
| 690 | _aPROPERTY-RESIDENTIAL PROPERTY-DOMESTIC RESIDENTIAL PROPERTY-HOUSING | ||
| 856 | 4 | 0 |
_uhttps://www.communities.gov.uk/publications/planningandbuilding/incentivisingconsultation _zView the consultation free of charge at www.communities.gov.uk... |
| 942 | _n0 | ||
| 999 |
_c110296 _d110296 |
||